Yhdysvaltain osavaltioiden liput - Statistics

Yleistilastot
  • Tätä visaa on pelattu 94 kertaa
  • Keskiarvotulos 25 / 50
Vastaustilastot
Kuvavisa Vastaus % Oikein
Arkansas
96%
Oklahoma
90%
Oregon
90%
Wisconsin
90%
Etelä-Dakota
88%
Illinois
88%
Kalifornia
85%
Washington
85%
Montana
83%
Minnesota
81%
Iowa
77%
Kansas
77%
Nebraska
77%
Pohjois-Dakota
73%
Indiana
71%
Idaho
67%
Virginia
67%
Florida
65%
Nevada
65%
Maine
63%
Texas
63%
Länsi-Virginia
52%
Colorado
50%
Havaiji
50%
Wyoming
50%
Kentucky
48%
Alabama
46%
New Hampshire
46%
Pohjois-Karolina
46%
Ohio
42%
Alaska
35%
Arizona
35%
Maryland
33%
Vermont
29%
Rhode island
27%
New Mexico
25%
Mississippi
23%
New Jersey
21%
Etelä-Carolina
19%
Georgia
15%
New York
15%
Pennsylvania
15%
Delaware
13%
Louisiana
13%
Massachusetts
13%
MIchigan
13%
Utah
13%
Connecticut
10%
MIssouri
10%
Tennessee
10%
Ehtoja vastaavia visoja ei löytynyt
Tulosjakauma
Jokaisen tuloksen saaneiden osuus
Persentiili vastausten määrän mukaan
Tuloshistoriasi
Et ole pelannut tätä visaa